000 01655nam0a22003011 4500
001 rc\3200848
005 20260407124617.0
021 _aRU
_b[76-101807]
035 _a(NLR Aleph) 007354760
090 _a6246164
_c6246164
100 _a20120628d1976 |||y0rusy50 ca
101 0 _arus
102 _aRU
105 _aa b |||||
200 1 _aВыставка произведений действительного члена Академии художеств СССР народного художники СССР, Лауреата Государственных премий Федора Павловича Решетникова к 70-летию со дня рождения
_eКаталог
_fПредисл. Б. Вишнякова
_g[Сост. Н.И. Горянина]
210 _aМосква
_cИзобраз. искусство
_d1976
215 _a42 с., 15 л. ил., цв. ил.
_cил.
_d22
300 _aВ надзаг.: М-во культуры СССР, М-во культуры РСФСР, Акад. художеств СССР, Союз художников СССР, Союз художников РСФСР
606 _aСоветское изобразительное искусство
_xВыставки
_z1976
_yМосква
_2psbo
702 1 _aГорянина
_bН.И.
_4220
702 1 _aВишняков
_bБ.
_4080
710 1 0 _aРешетников,
_gФедор Павлович
_hВыставка произведений
_f1976
_eМосква
_3RU\NLR\AUTH\8810074298
_9650545
801 0 _aRU
_bNLR
_gpsbo
801 1 _aRU
_bELAR
_2rusmarc
852 _aNLR
_bЭ
_jК17/Р471
942 _cBOOK
980 _aNB